00594nam a2200193Ia 450000500170000000800460001702000180006303700120008104000200009304100130011308400230012610000210014924500190017026000510018930000100024094200230025099900210027395201060029420250508151743.0008 250505s9999 xx 000 0 hin d a81-7315-224-1 aTextual aFEDLbengcFEDL ahin2eng a891.431, JAIqFEDL aJain Vimal Kumar 0aGadya tarangni aDelhi, IndiabSumer Brothers and Companyc1950 a200p. cTEXLh891.431, JAI c1331927d1331927 00104070aFEDLbFEDLd2025-05-08l0o891.431, JAIpEL0012912r2025-05-08 15:17:43w2025-05-08yTEXL